000 00487nam a2200181Ia 4500
005 20250326124117.0
008 250326s9999 xx 000 0 und d
037 _aTextbook
040 _aFMSL
_beng
_cFMSL
041 _aeng
_2eng
084 _aX:1 L0
_qFMSL
100 _aBritt S H
_9338329
245 0 _aConsumer behavior in theory and in action
_cBritt S H
260 _aNY
_bNY, John Wiley
_c1970
300 _a499p
942 _cTB
_hX:1 L0
999 _c1272328
_d1272328